logo

Bir Sreshtho Munshi Abdur Rouf Library
Jhenaidah Cadet College

The Mainstream of civilization / (Record no. 8923)

MARC details
000 -LEADER
fixed length control field 01136cam a2200313 a 4500
001 - CONTROL NUMBER
JCCL Control Number 8923
003 - CONTROL NUMBER IDENTIFIER
JCCL marc code BD-JhCC
005 - DATE AND TIME OF LATEST TRANSACTION
control field 20180305183912.0
008 - FIXED-LENGTH DATA ELEMENTS--GENERAL INFORMATION
fixed length control field 890831s1989 caua b 001 0 eng
020 ## - INTERNATIONAL STANDARD BOOK NUMBER
International Standard Book Number 0155515799
035 ## - SYSTEM CONTROL NUMBER
system control number (BD-JhCC)8923
040 ## - CATALOGING SOURCE
Original cataloging agency DLC
Transcribing agency DLC
Modifying agency DLC
-- BD-JhCC
041 ## - LANGUAGE CODE
Language code of Book eng
050 00 - LIBRARY OF CONGRESS CALL NUMBER
Classification number CB69
Item number .M25 1989
082 00 - DEWEY DECIMAL CLASSIFICATION NUMBER
Classification number 909
DDC Edition number 20
Author mark and Year The 1989
245 04 - TITLE STATEMENT
Title The Mainstream of civilization /
Statement of responsibility, etc Stanley Chodorow ... [et al.].
250 ## - EDITION STATEMENT
Edition statement 5th ed.
260 ## - PUBLICATION, DISTRIBUTION, ETC. (IMPRINT)
Place of publication, distribution, etc San Diego :
Name of publisher, distributor, etc Harcourt Brace Jovanovich,
Date of publication, distribution, etc c1989.
300 ## - PHYSICAL DESCRIPTION
Pagination xxiv, 1080, xii p. :
Other physical details ill. (some col.) ;
Dimensions 27 cm.
500 ## - GENERAL NOTE
General note Rev. ed. of: The mainstream of civilization / Joseph R. Strayer, Hans W. Gatzke. 4th ed. c1984.
504 ## - BIBLIOGRAPHY, ETC. NOTE
Bibliography, etc Includes bibliographical references.
520 ## - SUMMARY, ETC.
Summary, etc Traces the history of the world's major civilizations, discussing their special characteristics and contributions.
650 #0 - SUBJECT ADDED ENTRY--TOPICAL TERM
Topical term or geographic name as entry element Civilization
General subdivision History.
650 #1 - SUBJECT ADDED ENTRY--TOPICAL TERM
Topical term or geographic name as entry element Civilization
General subdivision History.
700 1# - ADDED ENTRY--PERSONAL NAME
Personal name Chodorow, Stanley.
700 1# - ADDED ENTRY--PERSONAL NAME
Personal name Strayer, Joseph R.
Fuller form of name (Joseph Reese),
Dates associated with a name 1904-1987.
Title of a work Mainstream of civilization.
942 ## - ADDED ENTRY ELEMENTS (KOHA)
Source of classification or shelving scheme Dewey Decimal Classification
Koha item type Books
Holdings
Source of classification or shelving scheme Damaged status Not for loan Home library Current library Shelving location Total Checkouts Full call number Barcode Date last seen Copy number Koha item type
Dewey Decimal Classification     JCC Rouf Library JCC Rouf Library General Stacks   909 The 1989 11937 03/05/2018 C - 1 Books

JCC Library | Contacts | JCC Home

Last Update on 23 September 2017
Copyright @ 2017-2020 JCC Rouf Library
Rouf Library, Jhenidah Cadet College (JCC), Bangladesh